=LDR 00000nam 2200000 4500 =001 INLIS000000000001181 =005 20200921103425 =035 ##$$a 0010-061300000001181 =008 200921################g##########0#ind## =041 ##$$a Ind =082 ##$$a 305.5 =090 ##$$a 305.5, Suk-p =100 ##$$a Sukanto, Suryono =245 1#$$a Pengantar sosiologi kelompok, /$c Suryono Sukanto; editor Tjun Surjaman =260 ##$$a 1988 :$b Bandung =300 ##$$a vii, 95 hlm, 21 cm =650 #4$$a Sosiologi kelompok =700 #$$a Suryaman, Cun =850 ##$$a NBPNMAT =084 ##$$a 305.5 SUK p =250 ##$$a cet. 1 =990 ##$$a 35.640/90 =990 ##$$a 35.641/90 =990 ##$$a 35.642/90 =990 ##$$a 00091724 =990 ##$$a 1050081